Pays où les Star Wars ont été tourné - Statistiques

Statistiques générales
  • Ce quiz a été pris 113 fois
  • Le résultat moyen est 9 sur 19
Statistiques - réponses
Pays % Correct
États Unis
94%
Tunisie
86%
Australie
74%
Espagne
72%
Mexique
68%
Italie
66%
Chine
65%
Royaume Uni
63%
Islande
57%
Norvège
54%
Irlande
51%
Suisse
43%
Thailande
32%
Émirats arabes unis
22%
Guatemala
18%
Jordanie
16%
Croatie
15%
Bolivie
12%
Maldives
4%
Aucun quiz correspondant
Distribution des résultats
% des personnes avec chaque résultat
Percentile par nombre de réponses
Votre historique - résultats
Vous n’avez pas pris ce quiz